Trubkové výměníky tepla.

Gespeichert in:
Bibliographische Detailangaben
Format: Buch
Sprache:Tschechisch
Veröffentlicht: [S.l.] : [s.n.], 2007
Ausgabe:[1. vyd.]
Schlagworte:
Online-Zugang: Volltext
Tags: Tag hinzufügen
Keine Tags, Fügen Sie den ersten Tag hinzu!

MARC

LEADER 00000nam a2200000 4500
003 SK-BrCVT
005 20220617224317.0
008 071001s2007 xr e ||||||cze d
035 |a CVTIDW1419154 
040 |b slo  |a CVTI SR  |e AACR2 
041 0 |a cze 
044 |a xr 
080 |a 621.565.952  |2 UDC-MRF 
080 |a 542.45  |2 UDC-MRF 
080 |a 697.328  |2 UDC-MRF 
110 2 |a SECESPOL - CZ. (Praha, Česká republika)  |4 mfr 
245 1 0 |a Trubkové výměníky tepla. 
250 |a [1. vyd.] 
260 |a [S.l.] :  |b [s.n.],  |c 2007 
300 |a [6 s.] :  |b obr., tab. ; 
653 1 |a rúrkový výmenník tepla  |a vykurovací systém  |a chladiaci systém  |a klimatizačný systém 
655 4 |a firemné prospekty 
910 |b F027612 
959 |a 6707 
974 |f Firemná literatúra 
992 |a FFP 
999 |c 156737  |d 156737